000 00507nam a2200157 a 4500
001 000029392
005 20200930055522.0
008 110415s19uu dr a 000 0 spa d
040 _aDO-SdBNP
_bspa
_cBNPHU
082 _axxx
_bM274e
245 0 0 _aManejo ecológico de plagas y enfermedades /
_ceditora Andrea Brechelt.
260 _aSanto Domingo :
_bFundación Agricultura y Medio Ambiente (FAMA),
_c[199-?].
300 _a22 p. :
_bil. ;
_c23 cm.
700 1 _aBrechelt, Andrea,
_eed.
_922300
049 _aBNPD
999 _c28884
_d28884